00403 2200157 4500001002100000005001500021035002000036245006000056100001400116300002800130260003500158082000800193084001400201020001800215990001200233INLIS00000000000183920250508012427 a0010-05250001311 aMenguasai Internet Plus Pembuatan Web /cAli Akbar, S.T0 aAli Akbar a136 hlm ;c14 x 20,5 cm aBandung :bPenerbit M2S,c2006 a600 a600 ALI m a979-3265-47-7 a0754765